000 00283nam a22001217a 4500
020 _a9789383101221
082 _a660.6
_bCAN/FU
100 _aCanon,Brier
_9920
245 _aFundamentals of Food Biotechnology
260 _aJaipur
_bAgrotech Press
_c2014
300 _a272
942 _cBK
999 _c14527
_d14527